Web application design handbook: best practices for web-based software (Record no. 61563)

MARC details
000 -LEADER
fixed length control field 00742nam a2200193 a 4500
008 - FIXED-LENGTH DATA ELEMENTS--GENERAL INFORMATION
fixed length control field 181016s2004 ||||||||||||||||| || u
020 ## - INTERNATIONAL STANDARD BOOK NUMBER
International Standard Book Number 9781558607521
050 ## - LIBRARY OF CONGRESS CALL NUMBER
Classification number TK 5105.8883
100 ## - MAIN ENTRY--PERSONAL NAME
Personal name Stanwick, Victor
245 10 - TITLE STATEMENT
Title Web application design handbook: best practices for web-based software
Statement of responsibility, etc. By Susan Fowler and Victor Stanwick
260 ## - PUBLICATION, DISTRIBUTION, ETC.
Place of publication, distribution, etc. Amsterdam
Name of publisher, distributor, etc. Elsevier
Date of publication, distribution, etc. 2004
300 ## - PHYSICAL DESCRIPTION
Extent xxx, 658p.: ill.
350 ## - PRICE (NR) (BK AM CF MU VM SE) [OBSOLETE]
Price 48.85
650 ## - SUBJECT ADDED ENTRY--TOPICAL TERM
Topical term or geographic name entry element WEB SITES - DESIGN
650 ## - SUBJECT ADDED ENTRY--TOPICAL TERM
Topical term or geographic name entry element WEB SITE DEVELOPMENT
650 ## - SUBJECT ADDED ENTRY--TOPICAL TERM
Topical term or geographic name entry element APPLICATION SOFTWARE--DEVELOPMENT
700 ## - ADDED ENTRY--PERSONAL NAME
Personal name Fowler, Susan
995 ## - RECOMMENDATION 995 [LOCAL, UNIMARC FRANCE]
-- CBU-MAIN LIBRARY (Kitwe)
-- 48.85
-- 1
-- AVAILABLE
-- Oct 22, 2018
-- Main Library Open Access Collection
Holdings
Withdrawn status Lost status Source of classification or shelving scheme Damaged status Not for loan Home library Current library Shelving location Date acquired Total Checkouts Full call number Barcode Date last seen Price effective from Koha item type
          CBU-MAIN LIBRARY, KITWE. CBU-MAIN LIBRARY, KITWE.   11/30/2022   TK 5105.8883 748705 11/30/2022 11/30/2022 MONOGRAPH